Southville International School and Colleges
Your cart is empty.
  • Cart
  • Lists
    Public lists Eva Luna New books Lux_list list_1
    Your lists Log in to create your own lists
  • Log in to your account
  • Your cookies
  • Search history
Southville International School and Colleges
  • Advanced search
  • Recent comments
  • Most popular
  • Libraries

Log in to your account

Log in with GOOGLE


If you do not have an external account, but do have a local account, you can still log in:

  1. Home
  2. MARC view: The use of mixed manure as fertilizer on okra plant (Abelmoschus esculentus) /
Normal view MARC view ISBD view

The use of mixed manure as fertilizer on okra plant (Abelmoschus esculentus) / (Record no. 98717)

[ view plain ]
MARC details
000 -LEADER
fixed length control field 00792nam a2200205 a 4500
003 - CONTROL NUMBER IDENTIFIER
control field 0
005 - DATE AND TIME OF LATEST TRANSACTION
control field 20250213100136.0
008 - FIXED-LENGTH DATA ELEMENTS--GENERAL INFORMATION
fixed length control field 120718s19uu xx 00 eng d
050 ## - LIBRARY OF CONGRESS CALL NUMBER
Classification number PGS SB 110.M35
Item number .Ac172 2012
100 ## - MAIN ENTRY--PERSONAL NAME
Personal name Acdal, Eliza Kylle B.
245 ## - TITLE STATEMENT
Title The use of mixed manure as fertilizer on okra plant (Abelmoschus esculentus) /
Statement of responsibility, etc Eliza Kylle B. Acdal.
260 ## - PUBLICATION, DISTRIBUTION, ETC. (IMPRINT)
Place of publication, distribution, etc Las Piñas City, Philippines :
Name of publisher, distributor, etc Southville International School and Colleges,
Date of publication, distribution, etc 2012.
300 ## - PHYSICAL DESCRIPTION
Extent 25 pages :
Other physical details illustrations ;
Dimensions 28 cm.
504 ## - BIBLIOGRAPHY, ETC. NOTE
Bibliography, etc Includes bibliographical references.
650 ## - SUBJECT ADDED ENTRY--TOPICAL TERM
Topical term or geographic name as entry element Manures
Form subdivision Agricultural use.
650 ## - SUBJECT ADDED ENTRY--TOPICAL TERM
Topical term or geographic name as entry element Organic fertilizers
Form subdivision Effects on plant growth.
650 ## - SUBJECT ADDED ENTRY--TOPICAL TERM
Topical term or geographic name as entry element Okra
Form subdivision Growth and fertilization.
650 ## - SUBJECT ADDED ENTRY--TOPICAL TERM
Topical term or geographic name as entry element Soil fertility
Form subdivision Organic amendments.
942 ## - ADDED ENTRY ELEMENTS (KOHA)
Source of classification or shelving scheme Library of Congress Classification
Koha item type PASS
Holdings
Withdrawn status Lost status Source of classification or shelving scheme Damaged status Home library Current library Shelving location Date acquired Source of acquisition Total Checkouts Full call number Barcode Date last seen Price effective from Koha item type
    Library of Congress Classification   Luxembourg Library Luxembourg Library Portfolio Assessment of SISC Students Section 07/18/2012 Donation   PGS SB 110.M35 .Ac172 2012 P2818 04/08/2014 04/08/2014 PASS

The use of mixed manure as fertilizer on okra plant (Abelmoschus esculentus) /

APA

Acdal E. K. B., . (2012). The use of mixed manure as fertilizer on okra plant (Abelmoschus esculentus). Las Piñas City, Philippines: Southville International School and Colleges.

Chicago

Acdal Eliza Kylle B, . 2012. The use of mixed manure as fertilizer on okra plant (Abelmoschus esculentus). Las Piñas City, Philippines: Southville International School and Colleges.

Harvard

Acdal E. K. B., . (2012). The use of mixed manure as fertilizer on okra plant (Abelmoschus esculentus). Las Piñas City, Philippines: Southville International School and Colleges.

MLA

Acdal Eliza Kylle B, . The use of mixed manure as fertilizer on okra plant (Abelmoschus esculentus). Las Piñas City, Philippines: Southville International School and Colleges. 2012.

  • Print
  • Cite
  • Add to your cart (remove)
  • Save record
    BIBTEX Dublin Core MARCXML MARC (non-Unicode/MARC-8) MARC (Unicode/UTF-8) MARC (Unicode/UTF-8, Standard) MODS (XML) RIS
  • More searches
    Search for this title in:
    Other Libraries (WorldCat) Other Databases (Google Scholar) Online Stores (Bookfinder.com) Open Library (openlibrary.org)

Exporting to Dublin Core...

SOUTHVILLE LIBRARY

Southville International School and Colleges Library

1281 Tropical Ave. Cor. Luxembourg St., BF Homes International, Las Pinas City

Tel. No. 8256374 / 252358 Loc. 117/146

Powered by Koha